000 00338nam a2200145Ia 4500
008 230718s9999 xx 000 0 und d
041 _aEng.
082 _a345.4
_bMAL-P
100 _aMalik, Bakhtair Amna
245 0 _aPakistan Penal code
260 _aPakistan
_bPunjab law book
_c2013
300 _a244
650 _aLaw
999 _c30490
_d30490